| 000 | 00000nam##2200000za#4500 |
| 001 | 9.578918 |
| 003 | CaOODSP |
| 005 | 20210624190319 |
| 007 | cr ||||||||||| |
| 008 | 150406|1990||||xxc|||||o f|0| 0 eng|d |
| 022 | |a1488-5379 |
| 040 | |aCaOODSP|beng |
| 043 | |an-cn--- |
| 086 | 1 |aFs97-6/1743E-PDF |
| 110 | 1 |aCanada. |bDepartment of Fisheries and Oceans. |
| 245 | 10|aSummary of North Atlantic Fish Recruitment 1942-1987 / |h[electronic resource]|cby Ransom A. Myers, Wade Blanchard, and Keith R. Thompson. |
| 260 | |aSt. John's - Newfoundland and Labrador : |bFisheries and Oceans Canada |c1990. |
| 300 | |a114p.|bfigs. |
| 490 | 1 |aCanadian technical report of fisheries and aquatic sciences|x1488-5379|vNo. 1743 |
| 500 | |aOn t.p.: Science Branch, St. John's, Newfoundland. The catalogue number and ISSN for the print edition appear in the PDF version. |
| 546 | |a(Résumé en français) |
| 590 | |a14-04-Supp|b2014-02-05 |
| 720 | 1 |aMyers, Ransom A. |
| 720 | 1 |aThompson, Keith R. |
| 720 | 1 |aBlanchard, Wade |
| 830 | #0|aCanadian technical report of fisheries and aquatic sciences,|x1488-5379|vNo. 1743|w(CaOODSP)9.504449 |
| 856 | 40|ahttp://publications.gc.ca|qPDF|s3809 KB|uhttps://publications.gc.ca/collections/collection_2014/mpo-dfo/Fs97-6-1743-eng.pdf|yNo. 1743 |